A city and its civic body: a description of facts and events spotlighting certain aspects of life in and around Dacca during the last hundred years, and an account of the evolution of Dacca Municipality. (Record no. 74359)

MARC details
000 -LEADER
fixed length control field 00849cam a22002411 4500
001 - CONTROL NUMBER
control field sa 67004282
003 - CONTROL NUMBER IDENTIFIER
control field DLC
005 - DATE AND TIME OF LATEST TRANSACTION
control field 20260227112345.0
008 - FIXED-LENGTH DATA ELEMENTS--GENERAL INFORMATION
fixed length control field 860305s1966 pk abch b 000 0 eng
010 ## - LIBRARY OF CONGRESS CONTROL NUMBER
LC control number sa 67004282
025 ## - OVERSEAS ACQUISITION NUMBER
Overseas acquisition number PL480:EP-E-335
035 ## - SYSTEM CONTROL NUMBER
System control number (OCoLC)13241780
040 ## - CATALOGING SOURCE
Original cataloging agency DLC
Transcribing agency CLU
Modifying agency DLC
042 ## - AUTHENTICATION CODE
Authentication code premarc
050 00 - LIBRARY OF CONGRESS CALL NUMBER
Classification number DS486.D155
Item number H3
082 ## - DEWEY DECIMAL CLASSIFICATION NUMBER
Classification number 915.49/22
100 1# - MAIN ENTRY--PERSONAL NAME
Personal name Haider, Azimusshan.
Relator term comp.
245 12 - TITLE STATEMENT
Title A city and its civic body: a description of facts and events spotlighting certain aspects of life in and around Dacca during the last hundred years, and an account of the evolution of Dacca Municipality.
260 ## - PUBLICATION, DISTRIBUTION, ETC.
Place of publication, distribution, etc. [Dacca,
Name of publisher, distributor, etc. Dacca Municipality,
Date of publication, distribution, etc. 1966]
300 ## - PHYSICAL DESCRIPTION
Extent x, 136 p.
Other physical details illus., facsims., maps, ports.
Dimensions 24 x 30 cm.
504 ## - BIBLIOGRAPHY, ETC. NOTE
Bibliography, etc. note Bibliography: p. 134-136.
651 #0 - SUBJECT ADDED ENTRY--GEOGRAPHIC NAME
Geographic name Dacca (Pakistan : City)

No items available.

Powered by Koha